Akta Bank Islam 1983 (Akta 276) : (hingga 20hb Julai 2010) /

Bibliographic Details
Format: Book
Published: Petaling Jaya: International Law Book Services, 2010.
Subjects:
LEADER 00704cam a2200205 7i4500
001 0000063223
005 20151104090000.0
005 ##20151104185600.0
003 ##MY-KlINT
020 # # |a 9789678921176  
039 # 9 |y 201511041856  |z VLOAD 
090 0 0 |a 346.595082 MAL  
245 1 0 |a Akta Bank Islam 1983 (Akta 276) :   |b (hingga 20hb Julai 2010) /   |c disusun oleh: Lembaga Penyelidikan Undang-Undang. 
260 # # |a Petaling Jaya:   |b International Law Book Services,   |c 2010. 
300 # # |a 59ms;   |c 25cm. 
650 # 0 |a Banking law (Islamic law) --   |x Malaysia  
996 |a ikwas2011.out 
997 |a 3000014804  |b IKWS  |c MNF  |d BOK 
998 |a 0000010237 
999 |a 3000014804  |b BOOK  |c Main Non-Fiction  |e INTAN Kampus Wilayah Selatan